Vần Thơ chú trọng phát triển nguồn khoa học - Công nghệ /

Guardat en:
Dades bibliogràfiques
Autor principal: Trần Thanh Mẫn.
Format: Article
Idioma:Vietnamese
Matèries:
Etiquetes: Afegir etiqueta
Sense etiquetes, Sigues el primer a etiquetar aquest registre!
Thư viện lưu trữ: Thư viện Trường Đại học Đà Lạt
LEADER 00806nam a2200265 4500
001 DLU120133097
005 ##20120329
040 # # |a DLU  |b vie 
041 # # |a vie 
044 # # |a vn 
100 # # |a Trần Thanh Mẫn. 
245 # # |a Vần Thơ chú trọng phát triển nguồn khoa học - Công nghệ /  |c Trần Thanh Mẫn. 
653 # # |a Đào tạo nguồn nhân lực 
653 # # |a Công nghiệp nông thôn 
653 # # |a Khoa học công nghệ 
773 # # |t Tạp chí Cộng sản  |g Số 8(802), 2009, tr. 81-85 
920 # # |a Phòng Tạp chí -- Trung tâm Thông tin - Thư viện Trường Đại học Đà Lạt 
994 # # |a DLU 
900 # # |a True 
911 # # |a Nguyễn Thị Linh Chi 
925 # # |a G 
926 # # |a A 
927 # # |a BB 
980 # # |a Thư viện Trường Đại học Đà Lạt